[Event "Asian Zonal 3.3 2019"]
[Site "Ulaanbaatar"]
[Date "2019.04.14"]
[Round "8.2"]
[White "Gundavaa, Bayarsaikhan"]
[Black "Batchuluun, Tsegmed"]
[Result "1-0"]
[WhiteElo "2481"]
[BlackElo "2547"]
[Annotator "TA"]
[PlyCount "106"]
[EventDate "2019.04.07"]
[EventType "swiss"]
[EventRounds "9"]
[EventCountry "MGL"]
[SourceTitle "playchess.com"]
[Source "ChessBase"]
[SourceQuality "1"]

{[%evp 17,106,-15,-6,-7,-18,-24,-24,-13,-22,-17,-16,-44,0,0,0,0,0,0,0,-45,9,-4,-6,-64,-43,-41,-52,-57,-76,-62,-46,-77,-65,-46,-66,-60,-54,-64,0,0,-21,-76,-80,-79,-14,-2,-3,-41,0,0,0,0,50,50,147,60,172,150,156,147,158,166,225,225,254,254,248,224,241,205,1418,1161,1923,1270,1535,1411,2380,4537,29970,29972,29972,29969,29978,29979,29979,29980,29980,29981,29981,29982,29980]} 1. e4 e5 2. Nf3 Nc6 3. d4 exd4 4. Nxd4 Nf6 5. Nxc6 bxc6 6. e5 Qe7 7. Qe2 Nd5 8. c4 Ba6 9. b3 g6 10. f4 {C45: Scotch Game} d6 11. Qf2 Nf6 12. Ba3 {Black has an edge.} (12. Be2 dxe5 13. O-O Ne4 14. Qf3 f5 15. Nc3 exf4 16. Nxe4 Qxe4 17. Qxe4+ fxe4 18. Rxf4 {½-½ (35) Nepomniachtchi,I (2757)-Grischuk,A (2766) chess.com INT 2018}) 12... Qe6 13. Be2 dxe5 {Hoping for ...Ne4.} 14. O-O Bxa3 (14... Ne4 {is more complex.} 15. Qe1 exf4 16. Bf3 f5 17. Bxe4 Qxe4 18. Bb2 Bc5+) 15. Nxa3 O-O 16. Rae1 $146 ({Predecessor:} 16. fxe5 Nd7 17. Nc2 Nxe5 {0-1 (50) Muzychuk,M (2490)-Zhao,X (2543) Jiangsu Wuxi 2012}) 16... Nd7 17. Nc2 Bb7 18. Bd1 a5 (18... f5 $15) 19. Re3 c5 20. Qg3 (20. f5 $11 gxf5 21. Qxf5) 20... exf4 21. Qxf4 Qd6 22. Qxd6 cxd6 23. Re7 Bc6 24. Ne3 Ne5 25. Rf6 Rad8 26. Rxe5 {[%mdl 64] Black must now prevent Re7. Pin} Kg7 $1 {[%cal Rg7f6]} 27. Rxc5 $1 {[%mdl 64] Double Attack} Ba8 (27... dxc5 {looks sharper.} 28. Rxc6 Rd3 29. Kf2 Re8 30. Rxc5 a4) 28. Rxa5 Kxf6 29. b4 (29. Kf2 $11) 29... Be4 $17 30. Nd5+ Bxd5 ({Better is} 30... Kg7 $1 $17) 31. Rxd5 {[%mdl 4096] Endgame KRR-KRB} Ke7 32. a4 Ra8 33. Kf2 Rfc8 34. Bb3 Rc6 35. Ke3 {[%mdl 1024] White has compensation.} Kd7 (35... Rb8 $1 $14) 36. a5 ({White should play} 36. Kd4 $16) 36... Kc7 {[#]} (36... Rb8 $1 $14 37. b5 Rc5) 37. Kd4 $1 $18 Rca6 38. Bd1 R6a7 39. Bf3 Re8 {[#]} (39... Rb8 $142) 40. Rb5 $1 Re1 41. Rb6 f5 42. Rc6+ Kd7 43. a6 Rd1+ $2 (43... Rb1) 44. Bxd1 Kxc6 {KR-KB} 45. Bf3+ Kc7 46. Bb7 g5 47. c5 dxc5+ 48. bxc5 {White mates.} f4 49. Ke5 Rxb7 50. axb7 Kxb7 51. Kf5 Kc6 52. Kxg5 Kxc5 53. Kxf4 Kd5 {Accuracy: White = 64%, Black = 40%.} 1-0

[Event "Asian Zonal 3.3 2019"]
[Site "Ulaanbaatar"]
[Date "2019.04.14"]
[Round "8.6"]
[White "Tran, Tuan Minh"]
[Black "Khatanbaatar, Bazar"]
[Result "0-1"]
[WhiteElo "2553"]
[BlackElo "2337"]
[Annotator "TA"]
[PlyCount "108"]
[EventDate "2019.04.07"]
[EventType "swiss"]
[EventRounds "9"]
[EventCountry "MGL"]
[SourceTitle "playchess.com"]
[Source "ChessBase"]
[SourceQuality "1"]

{[%evp 10,108,7,0,0,-5,17,-6,0,11,14,0,0,0,0,0,6,0,8,8,8,0,0,0,2,0,0,-10,12,14,14,12,16,0,0,0,0,0,36,-31,27,27,37,42,193,181,206,181,177,171,248,237,286,269,287,284,300,310,308,308,320,306,293,-156,-151,-183,-181,-164,-138,-150,-138,-340,-321,-596,-580,-497,-342,-336,-329,-306,-164,-344,-314,-1082,-1067,-1049,-1029,-1020,-1017,-999,-996,-985,-961,-1208,-1186,-1158,-1140,-1135,-1098,-856,-822]} 1. c4 c5 2. Nc3 Nc6 3. g3 g6 4. Bg2 Bg7 5. d3 d6 6. Bd2 e6 {A36: Symmetrical English vs ...g6: 4 Bg2 Bg7} 7. Qc1 (7. a3 Nge7 8. b4 cxb4 9. axb4 Nxb4 10. Qa4+ Nbc6 11. Nf3 O-O 12. O-O d5 13. Rfb1 b6 14. cxd5 exd5 {½-½ (31) Vachier Lagrave,M (2789)-So,W (2770) Leuven 2016}) 7... h6 8. Rb1 $146 ({Predecessor:} 8. Nf3 Nge7 9. O-O b6 10. a3 Bb7 11. Rb1 Qd7 12. b4 Nd4 13. e4 Nec6 14. Nxd4 Nxd4 {1-0 (37) Miezis,N (2523)-Gunnarsson,J (2419) Reykjavik 2007}) 8... Nge7 {The position is equal.} 9. a3 b6 10. b4 Bb7 11. b5 Na5 12. Ne4 Rb8 {[#] Threatens to win with ...f5.} 13. Bc3 e5 {...f5 is the strong threat.} 14. Bxa5 bxa5 15. Kf1 O-O 16. Nc3 f5 17. Bxb7 Rxb7 18. Kg2 Nc8 19. Nf3 Nb6 20. Nd2 h5 21. Nb3 a4 22. Na5 Rbf7 23. Nc6 Qd7 (23... Qf6 $5 {[%cal Re5e4]}) 24. f3 (24. Qc2 $1 $14) 24... Kh7 ({Better is} 24... e4 $15) 25. Qc2 $11 e4 26. Nxa4 e3 $2 (26... exf3+ $14 27. exf3 f4) 27. Nxb6 $18 axb6 28. d4 cxd4 29. Rhd1 f4 (29... Rc8 $142 30. Nxd4 Rc5) 30. Nxd4 fxg3 31. hxg3 Qe7 32. Nc6 Qg5 {[#] Hoping for ...h4.} 33. Rh1 ({Not} 33. Rxd6 h4 $11) 33... Rf5 34. Rbd1 Qf6 {[%cal Rf5f3] intending ...Rxf3.} 35. Qe4 Qb2 36. Qxe3 $2 ({White must play} 36. Qd3 $18) 36... Rxf3 $1 $40 {[%mdl 128] Black wants a kill.} 37. Qxf3 Rxf3 38. Kxf3 Qxa3+ 39. Rd3 Qc5 40. Rh4 $2 (40. Rhd1 $17) 40... Qg1 $19 41. Rxd6 $2 (41. Re4 Qf1+ 42. Ke3) 41... Qf1+ 42. Ke3 Bh6+ 43. Rf4 Bxf4+ 44. gxf4 {[%mdl 4096] Endgame KQ-KRN} h4 (44... Qg1+ $142 45. Ke4 h4) 45. Ne5 $2 (45. Rd7+ {was forced.} Kh8 46. Rd8+ Kg7 47. Rd7+ Kh6 48. Ne5) 45... Qg1+ 46. Kf3 $2 (46. Ke4 h3 47. Nf3) 46... h3 {Black is clearly winning.} 47. Rd7+ Kg8 48. Rd8+ Kg7 49. Rd7+ Kf8 50. Rh7 h2 51. Nxg6+ Kg8 52. Rxh2 Qxh2 53. Ne5 Qh1+ 54. Ke3 Kg7 {Accuracy: White = 45%, Black = 56%.} 0-1

[Event "Asian Zonal 3.3 2019"]
[Site "Ulaanbaatar"]
[Date "2019.04.14"]
[Round "8.7"]
[White "Munkhgal, Gombosuren"]
[Black "Nguyen, Duc Hoa"]
[Result "0-1"]
[WhiteElo "2455"]
[BlackElo "2433"]
[Annotator "TA"]
[PlyCount "86"]
[EventDate "2019.04.07"]
[EventType "swiss"]
[EventRounds "9"]
[EventCountry "MGL"]
[SourceTitle "playchess.com"]
[Source "ChessBase"]
[SourceQuality "1"]

{[%evp 9,85,0,0,0,0,0,0,-2,-8,-7,-6,-2,0,-9,-14,-9,-9,-17,-17,-14,31,28,2,2,15,4,80,74,53,0,0,0,0,0,14,15,21,-33,-30,-29,-27,-82,-58,-102,-95,-150,-175,-185,-171,-243,-231,-301,-229,-262,-196,-206,-156,-420,-320,-441,-250,-423,-206,-354,-345,-1407,-1353,-29991,-29992,-29992,-29993,-29996,-29993,-29997,-29998,-29998,-29999,-29999]} 1. d4 Nf6 2. Nf3 e6 3. Bf4 d5 4. e3 Bd6 5. Bg3 b6 6. Bd3 {D02: 1 d4 d5 2 Nf3 sidelines, including 2...Nf6 3 g3 and 2...Nf6 3 Bf4} (6. c4 O-O 7. Nc3 Bb7 8. cxd5 Nxd5 9. Nxd5 Bxd5 10. Bd3 Nd7 11. a3 h6 12. e4 Bb7 13. Bxd6 cxd6 {½-½ (50) So,W (2778)-Anand,V (2759) Paris 2018}) 6... Bb7 7. Nbd2 c5 8. c3 {The position is equal.} O-O 9. Bxd6 Qxd6 10. Ne5 Ne4 $146 ({Predecessor:} 10... Nc6 11. f4 Ne7 12. Qf3 Qd8 {1-0 (39) Grachev,B (2626)-Gordievsky,D (2615) Moscow 2018}) 11. f4 f6 12. Nxe4 dxe4 13. Nc4 Qc7 14. Be2 Nc6 15. dxc5 Rfd8 16. Qb3 {[%cal Rc5b6]} bxc5 17. Nd2 Ne7 (17... Kf7 $11) 18. Qxe6+ $16 Kh8 19. Qh3 (19. Nc4 $14) 19... Rab8 $11 {White must now prevent ...Bc8.} 20. Nc4 Bc8 21. g4 Be6 22. Qg2 Ng6 {[%cal Be7g6,Bg6h4,Bh4f3,Bf3d2][%mdl 32] ...Nh4 is the strong threat.} 23. Qf2 (23. h4 $11) 23... Bxc4 24. Bxc4 Qd7 25. h3 (25. b3 $11 {remains equal.}) 25... Nh4 $1 $36 {[%cal Rh4f3][%mdl 2048] Strongly threatening ...Nf3+. Black has some pressure.} 26. O-O ({Don't blunder} 26. Qxh4 $2 Qd2+ 27. Kf1 Rxb2 $19) 26... Nf3+ 27. Kg2 (27. Kh1 $142) 27... Nd2 $1 28. Rfd1 Rxb2 29. Kg3 (29. Be2 $142) 29... Qc7 30. Be2 c4 31. h4 Qa5 32. Rac1 Rdb8 33. Qe1 $2 (33. Bf1 $17 Qxa2 34. Ra1 Nxf1+ 35. Qxf1) 33... Qc5 $19 34. Qf2 a5 (34... Nf3 $2 35. h5 $19) (34... h5 $142 {aiming for ...Nf3.} 35. gxh5 Nf3) 35. a4 $2 {[#]} (35. Bf3 {was the only defense.} Rd8 36. Be2) 35... Rd8 (35... Nf3 $2 36. h5 $19) (35... h5 $142 $1 {[%mdl 512] Threatens to win with ...Nf3!} 36. gxh5 Nf3 $1 {[%mdl 512]}) 36. f5 (36. Kg2 {is a better defense.}) 36... Re8 37. g5 $2 {[#]} (37. Kh3 Nb3 38. Rb1) 37... Nf3 $1 {[%mdl 512]} 38. Kg4 {[#]} (38. Bxf3 Qe5+) 38... h5+ $1 {[%mdl 576] Deflection. Black mates.} 39. Kxh5 Qxf5 40. Rd5 g6+ 41. Kh6 Rb7 {[%csl Gh8][%cal Rb7h7]} 42. Rxf5 {[#]} Rg8 $1 {[%csl Gh8][%cal Rb7h7]} 43. Qxf3 Rh7# {Accuracy: White = 32%, Black = 66%.} 0-1

[Event "Asian Zonal 3.3 2019"]
[Site "Ulaanbaatar"]
[Date "2019.04.14"]
[Round "8.7"]
[White "Gan-Erdene, Sugar"]
[Black "Nguyen, Van Huy"]
[Result "1-0"]
[WhiteElo "2375"]
[BlackElo "2436"]
[Annotator "TA"]
[PlyCount "111"]
[EventDate "2019.04.07"]
[EventType "swiss"]
[EventRounds "9"]
[EventCountry "MGL"]
[SourceTitle "playchess.com"]
[Source "ChessBase"]
[SourceQuality "1"]

{[%evp 10,111,0,0,12,5,3,12,16,0,4,-4,1,0,0,-31,11,0,7,-8,0,0,-7,-8,-16,-22,9,10,78,70,70,63,66,66,67,70,78,70,70,70,70,70,78,70,70,70,71,71,70,69,78,78,77,64,90,100,95,94,94,95,93,89,145,143,303,300,284,276,297,289,508,508,508,508,484,494,472,463,455,455,428,379,349,0,397,343,534,204,383,373,620,421,624,502,782,774,29966,29972,29968,1475,1443,1320,762,648]} 1. e4 c6 2. Nf3 d5 3. Nc3 Bg4 4. Be2 e6 5. h3 Bh5 6. O-O Nf6 {B11: Caro-Kann: Two Knights Variation} 7. Ne5 (7. d3 Be7 8. Bf4 O-O 9. Nd2 Bxe2 10. Qxe2 a5 11. e5 Nfd7 12. Qg4 Kh8 13. a3 b5 14. Nf3 {1-0 (54) Nakamura,H (2760)-Ding,L (2702) Beijing 2012}) 7... Bxe2 8. Qxe2 Be7 {The position is equal.} 9. d3 O-O 10. f4 Nbd7 11. Nf3 $146 ({Predecessor:} 11. Nxd7 Nxd7 12. Qg4 f5 13. Qe2 fxe4 14. dxe4 {0-1 (38) Van der Straeten,L (1901)-Lintchevski,D (2548) Gent 2016}) 11... dxe4 12. dxe4 Nc5 (12... e5 $5) 13. Kh2 Qc7 14. Bd2 Rad8 15. e5 Nd5 16. Ne4 Nxe4 17. Qxe4 c5 18. c4 Nb6 (18... Nb4 $1 $11 {keeps the balance.}) 19. Ba5 $16 Rd7 20. Rad1 Rfd8 21. Rxd7 Qxd7 22. Rf2 Qc8 23. b3 Rf8 24. Bxb6 axb6 25. Rd2 Qc7 26. Rd3 Rd8 27. Rxd8+ Bxd8 28. Qd3 Be7 29. g3 Qc6 30. g4 Qc7 31. Kg2 f6 32. exf6 Bxf6 33. g5 Be7 34. Qe4 Qd7 35. Ne5 $36 {[%mdl 2048] White is really pushing.} Qc8 ({Black should try} 35... Qd2+ 36. Kg3 Bd8) 36. g6 hxg6 $2 (36... h6 $16) 37. Qxg6 $18 {aiming for Qf7+.} Bf6 38. Qf7+ Kh7 {[#]} 39. Nd7 $1 {[%cal Rd7f6]} Qc6+ $2 (39... Qd8 40. Kg3 (40. Qxe6 Bc3 $16) 40... Bc3) 40. Kg3 Kh6 41. Nxf6 gxf6 42. Qxf6+ {[%mdl 4096] Endgame KQ-KQ} Kh7 43. Qf7+ Kh6 44. Kh4 Qc8 45. Kg4 Qc6 46. Kh4 Qc8 $1 {intending ...Qd8+.} 47. Qe7 Kg6 (47... b5 {is a better defense.} 48. cxb5 c4 49. Qf6+ Kh7 50. Qf7+ Kh6 51. Qh5+ Kg7 52. Qe5+ Kh6 53. Qf6+ Kh7 54. Qf7+ Kh6 55. Qh5+ Kg7 56. Qe5+ Kh6 57. Qf6+) 48. Qd6 $2 (48. Kg3 {h4 is the strong threat.} Qc6 49. h4) 48... Qh8+ $2 {[#]} (48... Kf7 {was called for.} 49. Qd1 (49. Qxb6 Qh8+ 50. Kg4 Qg7+ 51. Kh4 Qh7+ 52. Kg4 Qg7+ 53. Kf3 Qc3+ 54. Kg4 Qg7+ $11) 49... Qc6) 49. Kg3 $1 Qc3+ $2 (49... Kf7 50. Qc7+ (50. Qxb6 Qc3+ 51. Kh4 Qf6+ 52. Kg3 Qg7+ 53. Kf3 Qc3+ 54. Kg2 Qd2+ 55. Kg3 Qd3+ 56. Kh4 Qh7+ 57. Kg3 Qd3+ 58. Kh4 Qh7+ 59. Kg3 Qg6+ 60. Kh4 Qh7+ $11) 50... Kg6 51. Qxb6 (51. Qxb7 Qc3+ 52. Qf3 Qe1+ 53. Qf2 Qe4 $18) 51... Qc8) 50. Kg4 Kf7 (50... Qf6 $142 51. Qd2 (51. Qxb6 Qf5+ 52. Kf3 Qxh3+ 53. Kf2 Qh2+ 54. Kf1 Qxf4+ 55. Ke2 Qe4+ 56. Kf2 Qf4+ 57. Ke2 Qe4+ 58. Kf2 Qf4+ 59. Ke2 $11) 51... Qf5+ 52. Kg3 Kf7) 51. Qc7+ Kg6 (51... Kg8 $142 52. Qe5 (52. Qxb6 Qg7+ 53. Kh5 Qh7+ 54. Kg4 Qf5+ 55. Kg3 Qd3+ 56. Kh4 Qh7+ 57. Kg3 Qg7+ 58. Kh2 Qb2+ 59. Kg3 Qc3+ 60. Kg4 Qg7+ 61. Kf3 Qc3+ 62. Kf2 Qd4+ 63. Ke2 Qb2+ 64. Kf3 Qc3+ 65. Kg4 $11) 52... Qd2 53. Qxe6+ {[%mdl 64] Double Attack} Kg7 54. Qe7+ Kh6 55. Qxb7 Qe2+ 56. Kf5 Qd3+ 57. Ke5 Qd4+ 58. Ke6 Qe3+ 59. Kd7 Qd2+ 60. Kc7 Qf2 61. Qxb6+ Kg7) 52. Qe5 Qc2 53. Qxe6+ {[%mdl 64] Double Attack} Kg7 54. Qd7+ (54. Qe7+ $142 Kg8 55. Qe6+ Kg7 56. Qe7+ Kg8 57. Qe8+ Kg7 58. Qe7+) 54... Kf6 55. Qd6+ Kg7 56. Qc7+ {Accuracy: White = 59%, Black = 48%.} 1-0

[Event "Asian Zonal 3.3 2019"]
[Site "Ulaanbaatar"]
[Date "2019.04.14"]
[Round "8.7"]
[White "Itgelt, Khuyagtsogt"]
[Black "Bilguun, Sumiya"]
[Result "*"]
[WhiteElo "2056"]
[BlackElo "2488"]
[Annotator "ChessBase"]
[PlyCount "46"]
[EventDate "2019.04.07"]
[EventType "swiss"]
[EventRounds "9"]
[EventCountry "MGL"]
[SourceTitle "playchess.com"]
[Source "ChessBase"]
[SourceQuality "1"]
[TimeControl "40/5400+30:1800+30"]

1. e4 {[%emt 0:00:00]} c6 {[%emt 0:00:04]} 2. Nf3 {[%emt 0:00:00]} d5 {[%emt 0:01:03]} 3. Nc3 {[%emt 0:00:00]} Bg4 {[%emt 0:01:14]} 4. Be2 {[%emt 0:00:11]} e6 {[%emt 0:03:09]} 5. h3 {[%emt 1:32:19]} Bh5 {[%emt 0:01:57]} 6. O-O {[%emt 0:11:02]} Nf6 {[%emt 0:06:16]} 7. Ne5 {[%emt 0:11:16]} Bxe2 {[%emt 1:19:47]} 8. Qxe2 {[%emt 0:00:04]} Be7 {[%emt 0:10:49]} 9. d3 {[%emt 0:14:02]} O-O {[%emt 1:07:47]} 10. f4 {[%emt 0:00:51]} Nbd7 {[%emt 1:06:35]} 11. Nf3 {[%emt 0:01:50]} dxe4 {[%emt 0:07:25]} 12. dxe4 {[%emt 0:01:05]} Nc5 {[%emt 0:01:31]} 13. Kh2 {[%emt 0:02:05]} Qc7 {[%emt 0:02:02]} 14. Bd2 {[%emt 0:06:09]} Rad8 {[%emt 0:02:20]} 15. e5 {[%emt 0:02:26]} Nd5 {[%emt 0:01:21]} 16. Ne4 {[%emt 0:00:15]} Nxe4 {[%emt 0:04:48]} 17. Qxe4 {[%emt 0:00:18]} c5 {[%emt 0:02:35]} 18. c4 {[%emt 0:07:05]} Nb6 {[%emt 0:01:19]} 19. Ba5 {[%emt 0:06:09]} Rd7 {[%emt 0:03:36]} 20. Rad1 {[%emt 0:00:42]} Rfd8 {[%emt 0:38:36]} 21. Rxd7 {[%emt 0:01:10]} Qxd7 {[%emt 0:00:13]} 22. Rf2 {[%emt 0:02:07]} Qc8 {[%emt 0:00:50]} 23. b3 {[%emt 0:04:48]} Rf8 {[%emt 0:06:36]} *

[Event "Asian Zonal 3.3 2019"]
[Site "Ulaanbaatar"]
[Date "2019.04.14"]
[Round "8.8"]
[White "Megaranto, Susanto"]
[Black "Nasanjargal, Urtnasan"]
[Result "1-0"]
[WhiteElo "2523"]
[BlackElo "2482"]
[Annotator "TA"]
[PlyCount "157"]
[EventDate "2019.04.07"]
[EventType "swiss"]
[EventRounds "9"]
[EventCountry "MGL"]
[SourceTitle "playchess.com"]
[Source "ChessBase"]
[SourceQuality "1"]

{[%evp 16,157,27,21,38,2,12,17,14,0,27,0,0,0,20,-1,6,0,11,0,0,-2,11,0,0,0,28,20,60,13,0,0,154,0,0,0,0,0,0,-10,-10,-7,-21,-7,0,-26,-7,-9,-4,-4,-4,-4,-4,-4,-4,-4,-3,-3,-3,-8,-4,-79,-94,-58,-22,-23,-22,-10,-6,-6,0,0,0,0,0,0,0,0,0,0,0,0,29,32,36,20,27,12,42,0,0,0,0,0,0,0,0,0,0,0,0,0,0,0,44,38,59,8,8,8,46,46,41,37,61,8,8,8,8,8,8,0,0,0,8,8,8,8,8,8,8,0,1,0,0,0,0,0,0,0,8,0,0,-8]} 1. e4 c5 2. Nf3 d6 3. Bb5+ Nd7 4. c3 Ngf6 5. Qe2 a6 6. Ba4 e5 7. O-O Be7 8. d4 O-O {B51: Sicilian: Moscow Variation (3 Bb5+) without 3...Bd7} (8... b5 9. Bc2 O-O 10. d5 Re8 11. a4 Rb8 12. axb5 axb5 13. b4 c4 14. g3 Nf8 15. Nh4 Bh3 16. Rd1 Ra8 17. Rxa8 Qxa8 {1-0 (51) Mamedov,R (2699)-Brunello,S (2552) Batumi 2018}) 9. Bc2 {LiveBook: 9 Games} Qc7 10. Bg5 $146 ({Predecessor:} 10. a4 b6 11. d5 Re8 12. c4 Nf8 13. Ne1 h6 14. Nc3 N6h7 {½-½ (33) Rozentalis,E (2552)-Nasuta,G (2417) Warsaw 2016}) 10... Re8 11. dxe5 dxe5 12. a4 b6 13. Bxf6 Nxf6 14. Nbd2 Bf8 15. Bd3 Bb7 16. Bc4 Re7 17. Ne1 g6 18. Nc2 Bh6 19. f3 Bc6 20. Rfd1 Qc8 21. Nf1 Qe8 22. Nfe3 Bxa4 {Threatening ...Bxe3+.} 23. Rd6 b5 $2 ({Black should try} 23... Bg5 $1 $11) 24. Bd5 $2 ({Much less strong is} 24. Rxf6 $6 bxc4 25. Nd5 (25. Qxc4 Bxc2 26. Nxc2 Rd7 $11) (25. Nxc4 Bb5 $11) 25... Bg5 $16) (24. Rxa4 $1 $16 bxc4 25. Raxa6 (25. Qxc4 Bg5 $16) (25. Rxc4 Re6 $16) 25... Rxa6 26. Rxa6) 24... Nxd5 $11 25. Nxd5 {[#] Nf6+ is the strong threat.} Re6 26. Rxe6 $1 Qxe6 27. c4 {Hoping for Nc7.} Rb8 28. Ra3 Bxc2 $1 29. Qxc2 bxc4 30. Ra2 Qd6 31. Qxc4 Rb4 32. Rxa6 {[#] Black must now prevent Qd3.} Rxc4 33. Rxd6 {[%mdl 4096] Endgame KRB-KRN} Rc1+ 34. Kf2 Rc2+ 35. Kg3 Rxb2 36. Rc6 Rc2 37. Nf6+ Kg7 38. Nd7 (38. Ne8+ $1 $11 {was the only way to keep the balance.} Kf8 39. Nf6) 38... Bf4+ $17 39. Kh3 Be3 40. Nxe5 Bd4 41. Nd3 h5 {Strongly threatening ...g5.} 42. Nf4 Be3 43. Nd5 Bf2 44. Rc7 g5 45. Rc6 Bd4 46. Ne7 {aiming for Nf5+.} Be5 47. Nf5+ Kg8 48. Ng3 h4 49. Nf5 Kh7 50. g3 Kg8 51. Rc8+ Kh7 52. Re8 f6 $1 53. Rc8 Kg6 54. Rc6 Kf7 55. gxh4 gxh4 56. Kxh4 Rxh2+ 57. Kg4 Rg2+ 58. Kh3 Rc2 59. Kg4 Ke8 60. f4 Bb2 61. Ne3 (61. Rc7 $14) 61... Kd7 $1 $11 62. Rb6 Re2 63. Kf3 Rh2 $1 64. Ng4 Kc7 65. Rb5 ({White should play} 65. Rxf6 $14 Rh3+ 66. Kg2) 65... Rc2 {The position is equal.} 66. Ne3 Kc6 67. Rb8 Rh2 $1 68. Nf1 Rc2 69. Ne3 Rh2 $1 70. Nc4 Bd4 71. Kg4 Kc7 72. Rb3 Rc2 73. Na5 Ra2 74. Nc4 Ra4 75. Nb6 c4 76. Nd5+ Kd6 77. Rb8 Ra6 78. Rd8+ Kc5 79. Nc7 {[%mdl 32768] Accuracy: White = 57%, Black = 60%. . Loss on time!?} 1-0

[Event "Asian Zonal 3.3 2019"]
[Site "Ulaanbaatar"]
[Date "2019.04.14"]
[Round "8.8"]
[White "Gomez, John Paul"]
[Black "Amartuvshin, Ganzorig"]
[Result "*"]
[WhiteElo "2460"]
[BlackElo "2373"]
[Annotator "ChessBase"]
[PlyCount "42"]
[EventDate "2019.04.07"]
[EventType "swiss"]
[EventRounds "9"]
[EventCountry "MGL"]
[SourceTitle "playchess.com"]
[Source "ChessBase"]
[SourceQuality "1"]
[TimeControl "40/5400+30:1800+30"]

1. e4 {[%emt 0:00:00]} c5 {[%emt 0:00:00]} 2. Nf3 {[%emt 0:00:00]} d6 {[%emt 0:00:00]} 3. Bb5+ {[%emt 0:00:01]} Nd7 {[%emt 1:31:30]} 4. c3 {[%emt 0:00:38]} Ngf6 {[%emt 1:32:00]} 5. Qe2 {[%emt 0:00:26]} a6 {[%emt 0:01:16]} 6. Ba4 {[%emt 0:00:06]} e5 {[%emt 0:13:30]} 7. O-O {[%emt 0:07:56]} Be7 {[%emt 0:05:14]} 8. d4 {[%emt 0:00:53]} O-O {[%emt 0:00:47]} 9. Bc2 {[%emt 0:01:53]} Qc7 {[%emt 0:01:22]} 10. Bg5 {[%emt 0:06:49]} Re8 {[%emt 0:00:51]} 11. dxe5 {[%emt 0:05:12]} dxe5 {[%emt 0:08:00]} 12. a4 {[%emt 0:05:36]} b6 {[%emt 0:08:14]} 13. Bxf6 {[%emt 0:05:38]} Nxf6 {[%emt 0:01:02]} 14. Nbd2 {[%emt 1:01:52]} Bf8 {[%emt 0:05:41]} 15. Bd3 {[%emt 0:16:48]} Bb7 {[%emt 0:02:00]} 16. Bc4 {[%emt 0:02:56]} Re7 {[%emt 0:00:55]} 17. Ne1 {[%emt 0:42:57]} g6 {[%emt 0:07:03]} 18. Nc2 {[%emt 0:01:12]} Bh6 {[%emt 0:00:40]} 19. f3 {[%emt 0:01:23]} Bc6 {[%emt 0:08:26]} 20. Rfd1 {[%emt 0:04:21]} Qc8 {[%emt 0:13:09]} 21. Nf1 {[%emt 0:01:34]} Qe8 {[%emt 0:05:29]} *

[Event "Asian Zonal 3.3 2019"]
[Site "Ulaanbaatar"]
[Date "2019.04.14"]
[Round "8.8"]
[White "Miciano, John Marvin"]
[Black "Batsuren, Dambasuren"]
[Result "1/2-1/2"]
[WhiteElo "2339"]
[BlackElo "2444"]
[Annotator "TA"]
[PlyCount "138"]
[EventDate "2019.04.07"]
[EventType "swiss"]
[EventRounds "9"]
[EventCountry "MGL"]
[SourceTitle "playchess.com"]
[Source "ChessBase"]
[SourceQuality "1"]

{[%evp 15,138,0,0,4,9,10,4,-2,10,9,0,0,21,7,23,-14,22,17,39,22,31,19,13,13,14,-25,16,31,34,17,0,-16,0,-31,-20,-31,41,8,31,22,53,58,67,72,94,95,150,130,132,47,69,81,75,69,91,81,76,77,80,89,70,37,41,17,31,-15,-15,-22,-8,-8,-8,-8,-8,-62,-8,-45,-8,-387,-301,-5089,-2516,-2364,-1742,-1358,-72,-82,-8,-8,-8,-8,-8,-8,0,0,0,0,0,0,0,0,0,0,0,0,0,0,0,0,0,0,0,0,0,0,0,0,0,0,0,0,0,0,0,0,0]} 1. e4 e5 2. Nf3 Nc6 3. Bb5 a6 4. Ba4 Nf6 5. O-O b5 6. Bb3 Bb7 7. c3 Nxe4 8. d4 exd4 9. Re1 {C78: Ruy Lopez: Archangelsk and Möller Defences} d5 10. Ng5 Qd7 (10... Qf6 11. Bxd5 Qxf2+ 12. Kh1 O-O-O 13. Nxe4 Qf5 14. c4 bxc4 15. Bxc4 Ne5 16. Ng3 Qf2 17. Ne4 Qf5 18. Ng3 Qf2 19. Ne4 {½-½ (19) Mozharov,M (2549)-Grachev,B (2626) Moscow 2019}) 11. f3 $132 {[%mdl 2048] White puts up resistance} ({Reject} 11. Nxe4 dxe4 12. Rxe4+ Be7 $17) 11... h6 12. Nxf7 $1 Qxf7 13. fxe4 O-O-O 14. cxd4 (14. Bxd5 {feels hotter.} Qe8 15. a4 Bc5 16. axb5 axb5 17. Kh1) 14... Na5 15. e5 Nxb3 (15... Be7 {seems wilder.} 16. Qg4+ Kb8 17. Rf1 Qe8 18. Nd2 Bc8) 16. axb3 $146 ({Predecessor:} 16. Qxb3 Be7 {0-1 (43) Morozov,E (2274)-Provotorov,I (2367) Voronezh 2013}) 16... Qe6 17. Be3 Be7 18. Nc3 g5 19. Ne2 h5 20. Rc1 Kb8 21. Qc2 Rc8 22. Rf1 h4 $1 23. Qf5 Qh6 24. h3 b4 25. Kh1 Rcd8 (25... Rhg8 $15) 26. Ng1 Rhg8 27. Nf3 Bc8 28. Qc2 $1 {[%cal Rc2c7]} Qb6 29. Nh2 $1 Be6 30. Ng4 Rg7 (30... Bxg4 $142 31. hxg4 Rg7) 31. Nf6 $16 Kb7 32. Nh5 (32. Rf2 $16) 32... Rf7 33. Rxf7 Bxf7 34. Nf6 Bxf6 35. exf6 Rg8 36. Qf5 Qe6 37. Qxe6 Bxe6 {[%mdl 4096] Endgame KRB-KRB} 38. Rf1 Bf7 39. Bd2 a5 40. Rf5 g4 41. Rg5 Rxg5 42. Bxg5 $11 {KB-KB} c5 43. dxc5 d4 44. Kg1 ({White should try} 44. hxg4 $11 Kc6 45. Kh2) 44... Kc6 (44... gxh3 $15 45. Bxh4 Kc6) 45. Kf2 Bxb3 46. Ke1 $2 {[%mdl 8192]} (46. hxg4 $11 {and White stays safe.} Kxc5 47. Bxh4) 46... a4 47. Kd2 $2 (47. hxg4 a3 48. bxa3 bxa3 49. Bc1) 47... a3 $19 48. bxa3 bxa3 {[#] Threatens to win with ...a2.} 49. Kc1 d3 $2 (49... gxh3 $19 50. gxh3 a2) 50. hxg4 $17 a2 (50... Kxc5 $17 {Black wants to play ...Kd4.} 51. f7 Bxf7 52. Bxh4 Kd4) 51. Kb2 $11 {The position is equal.} Kxc5 52. Be3+ Kd6 53. g5 $1 {[%cal Rg5g6]} Ke6 54. g6 $1 {f7 is the strong threat.} Kxf6 55. Bd4+ Kxg6 56. Kxb3 {KB-K3P} Kf5 (56... Kh5 $5 57. Bc3 $8 d2 $11) 57. Bc3 Kf4 (57... d2 $5 58. Kc2 $8 Kf4 59. Kxd2 Kg3 60. Be5+ Kf2 $11) 58. Kxa2 {KB-KPP} Kg3 59. Kb2 {aiming for Be1+.} Kxg2 60. Kc1 Kf3 (60... h3 $5 61. Be5 $8 Kh1 $11) 61. Kd2 Ke4 (61... h3 $5 62. Be5 $8 Kg2 $11) 62. Ba5 h3 {( -> ...h2)} 63. Bc7 Kd4 64. Bd6 Kd5 65. Bf4 Ke4 66. Bd6 Kf3 67. Kxd3 Kg2 68. Ke2 h2 {[#]} 69. Bxh2 $1 {[%mdl 512]} Kxh2 {Accuracy: White = 48%, Black = 47%.} 1/2-1/2